|
|
|
|
| LEADER |
01274nam a2200397 4500 |
| 001 |
DLU110120925 |
| 005 |
##20110509 |
| 008 |
##000410s2000 maua 001 0 eng |
| 010 |
# |
# |
|a 00103341
|
| 020 |
# |
# |
|a 0312247966 (student ed. with readings)
|
| 020 |
# |
# |
|a 0312258097 (instructor's annotated ed.)
|
| 020 |
# |
# |
|a 0312258135 (student ed.)
|
| 040 |
# |
# |
|a DLC
|c DLC
|d DLC
|
| 082 |
# |
# |
|a 808.042
|b AN-S
|
| 100 |
# |
# |
|a Anker, Susan.
|
| 245 |
# |
# |
|a Real writing with readings :
|b paragraphs and essays for college, work, and everyday life /
|c Susan Anker.
|
| 250 |
# |
# |
|a 2nd ed.
|
| 260 |
# |
# |
|a Boston :
|b Bedford/St. Martin's,
|c c2001.
|
| 300 |
# |
# |
|a xxvi, 742, a1-a12, i1-i11 p. :
|b ill. ;
|c 28 cm.
|
| 500 |
# |
# |
|a Includes index.
|
| 650 |
# |
# |
|a College readers.
|
| 650 |
# |
# |
|a English language
|x Grammar
|v Problems, exercises, etc.
|
| 650 |
# |
# |
|a English language
|x Paragraphs
|v Problems, exercises, etc.
|
| 650 |
# |
# |
|a English language
|x Rhetoric
|v Problems, exercises, etc.
|
| 650 |
# |
# |
|a Report writing
|v Problems, exercises, etc.
|
| 923 |
# |
# |
|a 01/2011NN
|
| 991 |
# |
# |
|a GT
|
| 992 |
# |
# |
|a 0
|
| 994 |
# |
# |
|a KNN
|
| 900 |
# |
# |
|a True
|
| 911 |
# |
# |
|a Đào Thị Thu Huyền
|
| 925 |
# |
# |
|a G
|
| 926 |
# |
# |
|a A
|
| 927 |
# |
# |
|a SH
|
| 980 |
# |
# |
|a Thư viện Trường Đại học Đà Lạt
|